| 000 | 00773nam a2200217 u 4500 | ||
|---|---|---|---|
| 005 | 20210223133214.0 | ||
| 008 | 170306s2012 r 000 0 eng d | ||
| 020 | _a6077654346 | ||
| 035 | _aUPN01000216521 | ||
| 049 | _aCG | ||
| 050 | 4 |
_aF1356 _bA5.2 |
|
| 100 | 1 |
_aAndrews, Catherine _940386 |
|
| 245 | 1 | 0 |
_aDel nuevo Santander a Tamaulipas : _bgénesis y construcción de un estado periférico mexicano 1770-1825 / _cCatherine Andrews, Jesús Hernández Jaimes. |
| 260 |
_aMéxico : _bUAT : _bGobierno del Estado de Tamaulipas, _c2012. |
||
| 300 | _a271 p. | ||
| 651 | 4 |
_aTAMAULIPAS - _xHISTORIA - _ySIGLO XVIII _925822 |
|
| 651 | 4 |
_aTAMAULIPAS - _xHISTORIA - _ySIGLO XIX _925821 |
|
| 700 | 1 |
_aHernández Jaimes, Jesús, _ecoaut. |
|
| 905 | _aLibro | ||
| 999 |
_c188621 _d188621 |
||